=LDR 00000nam 2200000 4500 =001 INLIS000000000045804 =005 20251230014354 =035 ##$$a 0010-021500000000364 =008 251230###########################0#ind## =020 ##$$a 978-602-8179-08-9 =040 ##$$a NBPDMAT =082 ##$$a 372.35 =090 ##$$a 372.35 $b Rah g =245 ##$$a Rahasia Sains : $b Seri Energi =260 ##$$a Jakarta :$b Rizky-Grafis,$c 2008 =300 ##$$a viii, 72 hlm : $b ilus ; $c 28 cm =500 ##$$a Bibliografi : =650 #4$$a SAINS-Energi =850 ##$$a NBPDMAT =084 ##$$a 372.35 RAH r =990 ##$$a 21422443 =990 ##$$a 21422444 =990 ##$$a 21422445 =990 ##$$a 21422446 =990 ##$$a 0001/BPAP-NTB/20142015 =990 ##$$a 21422442 =990 ##$$a 21422443 =990 ##$$a 21422444 =990 ##$$a 21422445 =990 ##$$a 21422446